000 00516nam a22001931a 4500
001 6228
003 OSt
005 20260204212044.0
008 060314s1985||||dr ||||||b||||||||||spa||
050 _aRD 972.9323 F335h
100 _aFéliz C., Carlos Julio
245 _aHistoria de Pedernales / Carlos Julio Féliz C.
250 _a2
264 _aSanto Domingo : Alfa y Omega
300 _a127 p
500 _aIncluye indice y bibliografía
650 _a1.Historia - Rep. Dom. - PedernalesÌ
942 _2ddc
_cBK
999 _c6228
_d6228